Datum a čas kvízu
27.5
Celkem bodů
Celkový počet nahraných bodů na tomto kvízu bez doplňovacích otázek.
11.
Pořadí na kvízu
Konečné umístění týmu na tomto kvízu.
Zaznamenané odpovědi
| # | Otázka | Odpověď | Body | Výsledky |
|---|---|---|---|---|
| 1. | Minulý týden rozbouřil vody če... | Vondráček s kolegou vyskočili na předsednický pult a hráli na kytary. | 1 | |
| 2. | Britská královna Alžběta II. o... | 0 | ||
| 3. | Tři interpreti dostali v úter... | Lucie, Barbora Poláková | 0 | |
| 4. | Britské aerolinky Virgin Atlan... | nemusí být namalované | 1 | |
| 5. | Vedoucí žena Světového poháru... | Špindlerův Mlýn | 1 | |
| 6. | V prvních čtyřech otázkách tém... | Božena Němcová, Babička | 1 | |
| 7. | „Vstávej!“ ...Meduna krásně př... | Karel Poláček, Muži v offsidu | 0 | |
| 8. | "Mé nejstarší vzpomínky... To... | Karel Čapek, Hovory s TGM | 0 | |
| 9. | Zde nejde o první větu, ale je... | Vladislav Vančura, Rozmarné léto | 0 | |
| 10. | "V jednom kupé druhé třídy ryc... | B | 1 |